AH International Schools' Libraries

Around the world in 80 days / (Record no. 48428)

MARC details
000 -LEADER
fixed length control field 00801nam a2200205 4500
020 ## - INTERNATIONAL STANDARD BOOK NUMBER
International Standard Book Number 9781402736896 (hbk.) :
Terms of availability £3.99
020 ## - INTERNATIONAL STANDARD BOOK NUMBER
International Standard Book Number 1402736894 (hbk.) :
Terms of availability £3.99
100 1# - MAIN ENTRY--PERSONAL NAME
Personal name McFadden, Deanna,
Relator term author.
9 (RLIN) 61738
245 10 - TITLE STATEMENT
Title Around the world in 80 days /
Statement of responsibility, etc retold from the Jules Verne original by Deanna McFadden ; illustrated by Jamel Akib.
260 ## - PUBLICATION, DISTRIBUTION, ETC. (IMPRINT)
Place of publication, distribution, etc New York :
Name of publisher, distributor, etc Sterling ;
Place of publication, distribution, etc Lewes :
Name of publisher, distributor, etc GMC Distribution [distributor],
Date of publication, distribution, etc 2007.
300 ## - PHYSICAL DESCRIPTION
Extent 151 p. :
Other physical details ill. ;
Dimensions 20 cm.
490 ## - SERIES STATEMENT
Series statement Classic starts
500 ## - GENERAL NOTE
General note Formerly CIP.
Institution to which field applies Uk
650 #0 - SUBJECT ADDED ENTRY--TOPICAL TERM
Topical term or geographic name as entry element Voyages around the world
Form subdivision Juvenile fiction.
9 (RLIN) 86054
655 #0 - INDEX TERM--GENRE/FORM
Genre/form data or focus term Adventure stories.
655 #0 - INDEX TERM--GENRE/FORM
Genre/form data or focus term Children's stories.
700 ## - ADDED ENTRY--PERSONAL NAME
Personal name Verne, Jules,
Dates associated with a name 1828-1905.
Title of a work Around the world in 80 days.
9 (RLIN) 86055
700 ## - ADDED ENTRY--PERSONAL NAME
Personal name Akib, Jamel.
9 (RLIN) 86039
942 ## - ADDED ENTRY ELEMENTS (KOHA)
Source of classification or shelving scheme
Koha item type Book
Holdings
Withdrawn status Lost status Source of classification or shelving scheme Damaged status Not for loan Home library Current library Date acquired Total Checkouts Full call number Barcode Date last seen Date checked out Price effective from Koha item type
          Logos International School Logos International School 02/11/2025 1 J FIC VER 040369 04/28/2025 03/13/2025 02/11/2025 Book

For any Logos Library related questions please contact Miss Art at swongnarasuk@asianhope.org.

For any Asian Hope Library related questions please contact Miss Raza at graza@asianhope.org.

Powered by Koha